000 00316nam a2200133Ia 4500
008 150301s2011 xx 000 0 und d
082 _a610.7
_bE13K
100 _aKUMAR, N
245 _aEDUCATIONAL TECHNOLOGY
260 _bA.I.T.B.S
_c2011
300 _a446
650 _aEDUCATIONAL TECHNOLOGY
942 _2ddc
_cBK
_02
999 _c6814
_d6814